000 01097cam a2200313 a 4500
001 739555
003 ARRUPE
005 20170214094733.0
008 980723s1996 sg b i000 0 eng
010 _a 98980588
040 _aDLC
_cDLC
042 _alcode
043 _af------
050 0 0 _aHQ1181.A35
_bM36 1996
100 1 _aMama, Amina.
_96150
245 1 0 _aWomen's studies and studies of women in Africa during the 1990s /
_cAmina Mama.
260 _aDakar, Senegal :
_bCodesria,
_cc1996.
300 _a96 p. ;
_c22 cm.
490 1 _aWorking paper series,
_x0850-8895 ;
_v5/96
504 _aIncludes bibliographical references (p. 85-96).
650 0 _aWomen's studies
_zAfrica.
_928793
650 0 _aSex role
_zAfrica.
_93657
650 0 _aFeminism
_zAfrica.
_928794
651 0 _aAfrica
_xSocial conditions.
_928795
830 0 _aWorking paper series (Codesria) ;
_v96/5.
_928796
906 _a7
_bcbc
_corigode
_d3
_encip
_f19
_gy-gencatlg
942 _2lcc
_cMONOGRAPH
999 _c126106
_d126106